The everglades handbook : Understanding the ecosystem
The second edition of a bestseller, The Everglades Handbook: Understanding the Ecosystem continues to provide a wealth of information on the entire ecosystem of the Everglades. With an emphasis on natural history, the text is unified around themes of biogeography and ecosystem functions of the plant...
محفوظ في:
| المؤلف الرئيسي: | |
|---|---|
| التنسيق: | كتاب |
| اللغة: | Undetermined |
| منشور في: |
Boca Raton, Fla.
CRC Press
2004
|
| الموضوعات: | |
| الوسوم: |
إضافة وسم
لا توجد وسوم, كن أول من يضع وسما على هذه التسجيلة!
|
| Thư viện lưu trữ: | Trung tâm Học liệu Trường Đại học Cần Thơ |
|---|
| LEADER | 01146nam a2200241Ia 4500 | ||
|---|---|---|---|
| 001 | CTU_117525 | ||
| 008 | 210402s9999 xx 000 0 und d | ||
| 020 | |c 56.17 | ||
| 082 | |a 577.6809757 | ||
| 082 | |b L822 | ||
| 100 | |a Lodge, Thomas E. | ||
| 245 | 4 | |a The everglades handbook : | |
| 245 | 0 | |b Understanding the ecosystem | |
| 245 | 0 | |c Thomas E. Lodge | |
| 260 | |a Boca Raton, Fla. | ||
| 260 | |b CRC Press | ||
| 260 | |c 2004 | ||
| 520 | |a The second edition of a bestseller, The Everglades Handbook: Understanding the Ecosystem continues to provide a wealth of information on the entire ecosystem of the Everglades. With an emphasis on natural history, the text is unified around themes of biogeography and ecosystem functions of the plant and animal communities. It presents current and historical geology, discussions of human impacts, ecosystem degradation, planned restoration, and covers the socioeconomic aspects of the Everglades ecosystem | ||
| 650 | |a Swamp ecology,Swamp animals | ||
| 650 | |x Everglades,Everglades | ||
| 650 | |z Florida,Florida | ||
| 904 | |i Minh | ||
| 980 | |a Trung tâm Học liệu Trường Đại học Cần Thơ | ||